Asia beyond growth (Record no. 12647)

MARC details
000 -LEADER
fixed length control field 00328nam a2200133Ia 4500
008 - FIXED-LENGTH DATA ELEMENTS--GENERAL INFORMATION
fixed length control field 230312s9999||||xx |||||||||||||| ||und||
020 ## - INTERNATIONAL STANDARD BOOK NUMBER
International Standard Book Number 0-500-28860-3
082 ## - DEWEY DECIMAL CLASSIFICATION NUMBER
Classification number 307.76
Item number HUD-A
100 ## - MAIN ENTRY--PERSONAL NAME
Personal name Hudson;Thames
245 #0 - TITLE STATEMENT
Title Asia beyond growth
260 ## - PUBLICATION, DISTRIBUTION, ETC.
Name of publisher, distributor, etc. ORD
Place of publication, distribution, etc. china
Date of publication, distribution, etc. 2010
650 ## - SUBJECT ADDED ENTRY--TOPICAL TERM
Topical term or geographic name entry element Architecture
Form subdivision Architecture
942 ## - ADDED ENTRY ELEMENTS (KOHA)
Koha item type BOOK

No items available.

Powered by Koha